000 00561nam a22001577a 4500
005 20240515124536.0
008 240515b |||||||| |||| 00| 0 eng d
040 _aKMU
_cKMU
_dKMU
_erda
110 _aUnited Nations
_bUnited Nations Development Programme
245 _aStandard and Poor's:
_bSovereign Ratings In Africa September 2006/
_cUnited Nations Development programme
260 _bMcGraw-Hill,
_c2006.
300 _a40 p.:
_bill.;
_c28cm
500 _aIncludes Contacts
610 _aUnited Nations
_bUnited Nations Development Programme
942 _cRE
_n0
_2ddc
999 _c1226
_d1226